[Event "POL-ch Blitz U18"]
[Site "Bydgoszcz"]
[Date "2023.08.31"]
[Round "1"]
[White "Christensen, Leon L"]
[Black "Serafin, Franciszek"]
[Result "0-1"]
[WhiteElo "1296"]
[BlackElo "1393"]
[PlyCount "35"]
[EventDate "2023.08.28"]
[EventType "swiss"]
[EventRounds "10"]
[EventCountry "POL"]
[SourceTitle "EXT 2024"]
[Source "ChessBase"]
[SourceDate "2023.10.10"]
[SourceVersion "1"]
[SourceVersionDate "2023.10.10"]
[SourceQuality "1"]

1. e4 c5 2. Bc4 e6 3. Nf3 a6 4. Nc3 b5 5. Be2 Bb7 6. d3 Be7 7. 0-0 d5 8. exd5 exd5 9. Bf4 Nf6 10. Qd2 0-0 11. a3 d4 12. Nb1 Nc6 13. c3 dxc3 14. Qxc3 Nd5 15. Qd2 Nxf4 16. Qxf4 Bf6 17. Nc3 Re8 18. Rfe1 0-1

[Event "POL-ch Blitz U18"]
[Site "Bydgoszcz"]
[Date "2023.08.31"]
[Round "2"]
[White "Serafin, Franciszek"]
[Black "Kilarski, Kacper"]
[Result "1-0"]
[WhiteElo "1393"]
[BlackElo "1136"]
[PlyCount "65"]
[EventDate "2023.08.28"]
[EventType "swiss"]
[EventRounds "10"]
[EventCountry "POL"]
[SourceTitle "EXT 2024"]
[Source "ChessBase"]
[SourceDate "2023.10.10"]
[SourceVersion "1"]
[SourceVersionDate "2023.10.10"]
[SourceQuality "1"]

1. Nf3 c5 2. c4 g6 3. g3 Bg7 4. Bg2 Nf6 5. Nc3 0-0 6. d3 Nc6 7. 0-0 d6 8. e4 Bg4 9. h3 Bxf3 10. Qxf3 Nd4 11. Qd1 Qb6 12. Ne2 Nd7 13. Nxd4 Bxd4 14. Qc2 Qc7 15. Kh1 a6 16. Bh6 Bg7 17. Bxg7 Kxg7 18. Qc3+ f6 19. f4 b5 20. b3 Rab8 21. Rad1 bxc4 22. dxc4 a5 23. Rf2 Nb6 24. Qxa5 Ra8 25. Qc3 Rh8 26. e5 Rad8 27. exf6+ exf6 28. Re2 Rde8 29. Rde1 Rxe2 30. Rxe2 h5 31. Qe3 Qf7 32. Qe7 Rb8 33. Ba8 1-0

[Event "POL-ch Rapid U18"]
[Site "Bydgoszcz"]
[Date "2023.08.30"]
[Round "9"]
[White "Lenkov, Stanislav"]
[Black "Serafin, Franciszek"]
[Result "0-1"]
[WhiteElo "1153"]
[BlackElo "1477"]
[PlyCount "134"]
[EventDate "2023.08.28"]
[EventType "swiss"]
[EventRounds "11"]
[EventCountry "POL"]
[SourceTitle "EXT 2024"]
[Source "ChessBase"]
[SourceDate "2023.10.10"]
[SourceVersion "1"]
[SourceVersionDate "2023.10.10"]
[SourceQuality "1"]

1. e4 c5 2. Ne2 e6 3. Nbc3 Nc6 4. d3 Be7 5. g3 d5 6. exd5 exd5 7. d4 cxd4 8. Nxd4 Nf6 9. Bg2 0-0 10. 0-0 Bc5 11. Nxc6 bxc6 12. Bg5 h6 13. Bxf6 Qxf6 14. Qd2 Bb4 15. a3 Bxc3 16. bxc3 Ba6 17. Rfe1 Rfe8 18. Rab1 Bb5 19. Qd4 Qxd4 20. cxd4 Rxe1+ 21. Rxe1 Kf8 22. f4 Ba4 23. c3 Rb8 24. c4 dxc4 25. Rc1 Bb5 26. Bf1 Rd8 27. Bxc4 Rxd4 28. Bxb5 cxb5 29. Rc8+ Ke7 30. Rb8 Ra4 31. Rxb5 Rxa3 32. Rb8 a5 33. Ra8 Ra2 34. h4 a4 35. Kh1 a3 36. Kg1 Ke6 37. Ra5 f6 38. g4 Kd6 39. Kh1 Kc6 40. Kg1 Kb6 41. Ra8 Kc5 42. Ra5+ Kd4 43. g5 Ke4 44. Ra4+ Kf3 45. gxf6 gxf6 46. f5 Kg3 47. Kf1 Rf2+ 48. Kg1 Ra2 49. Kf1 Ra1+ 50. Ke2 a2 51. Kd2 Rh1 52. Ra3+ Kg4 53. Rxa2 Rh2+ 54. Kc3 Rxa2 55. Kd4 Kxf5 56. h5 Kg4 57. Ke4 f5+ 58. Kd4 f4 59. Kd3 f3 60. Kc3 f2 61. Kb3 Ra6 62. Kb2 f1Q 63. Kb3 Qf4 64. Kb2 Qb4+ 65. Kc2 Ra2+ 66. Kd3 Rd2+ 67. Ke3 Qd4# 0-1

[Event "POL-ch Rapid U18"]
[Site "Bydgoszcz"]
[Date "2023.08.29"]
[Round "2"]
[White "Serafin, Franciszek"]
[Black "Wojtun, Maksymilian"]
[Result "0-1"]
[WhiteElo "1477"]
[BlackElo "1135"]
[PlyCount "68"]
[EventDate "2023.08.28"]
[EventType "swiss"]
[EventRounds "11"]
[EventCountry "POL"]
[SourceTitle "EXT 2024"]
[Source "ChessBase"]
[SourceDate "2023.10.10"]
[SourceVersion "1"]
[SourceVersionDate "2023.10.10"]
[SourceQuality "1"]

1. Nf3 Nf6 2. b3 g6 3. Bb2 Bg7 4. g3 d6 5. Bg2 0-0 6. c4 Nbd7 7. d4 Re8 8. 0-0 c5 9. d5 Nb6 10. Na3 a6 11. Nc2 Bf5 12. Ne3 Bd7 13. Qd3 Nfxd5 14. Bxg7 Nxe3 15. Qxe3 Kxg7 16. h4 h5 17. Ng5 Rb8 18. a4 Bf5 19. Qc3+ Kg8 20. e4 Bg4 21. f3 Bd7 22. a5 Na8 23. e5 dxe5 24. Rad1 Qc7 25. Qc2 Bf5 26. Qc3 Rbd8 27. f4 exf4 28. Rxd8 Rxd8 29. Rxf4 Rd3 30. Qe1 Qd6 31. Qe2 Rxg3 32. Qf2 Rxb3 33. Bd5 e6 34. Be4 Qd4 0-1

[Event "POL-ch U10"]
[Site "Sielpia"]
[Date "2023.03.11"]
[Round "9"]
[White "Kowalski, Marcel"]
[Black "Serafin, Franciszek"]
[Result "1-0"]
[WhiteElo "1002"]
[BlackElo "1241"]
[PlyCount "77"]
[EventDate "2023.03.04"]
[EventType "swiss"]
[EventRounds "9"]
[EventCountry "POL"]
[SourceTitle "EXT 2024"]
[Source "ChessBase"]
[SourceDate "2023.10.10"]
[SourceVersion "1"]
[SourceVersionDate "2023.10.10"]
[SourceQuality "1"]
[WhiteTeam "Poland"]
[BlackTeam "Poland"]
[WhiteTeamCountry "POL"]
[BlackTeamCountry "POL"]

1. e4 c5 2. Nf3 g6 3. d4 cxd4 4. Nxd4 Bg7 5. Nc3 Nc6 6. Nde2 Nf6 7. g3 d6 8. Bg2 0-0 9. 0-0 Bd7 10. h3 Rc8 11. Be3 b6 12. Nd5 Nxd5 13. exd5 Na5 14. Bd4 Bf5 15. c3 Nb7 16. Bxg7 Kxg7 17. Nd4 Bd7 18. b4 Qc7 19. Nc6 Bxc6 20. dxc6 Nd8 21. b5 Ne6 22. h4 Nc5 23. h5 f5 24. f4 e5 25. g4 gxh5 26. fxe5 dxe5 27. gxf5 Kh8 28. Qxh5 Nd3 29. Rad1 Rcd8 30. f6 Nf4 31. Rxd8 Rxd8 32. Qg5 Rg8 33. f7 Nh3+ 34. Bxh3 Rxg5+ 35. Kh1 Rg8 36. fxg8Q+ Kxg8 37. Be6+ Kh8 38. Rf8+ Kg7 39. Rf7+ 1-0

[Event "POL-ch U10"]
[Site "Sielpia"]
[Date "2023.03.08"]
[Round "6"]
[White "Kopacki, Aleksander"]
[Black "Serafin, Franciszek"]
[Result "1/2-1/2"]
[WhiteElo "1408"]
[BlackElo "1241"]
[PlyCount "61"]
[EventDate "2023.03.04"]
[EventType "swiss"]
[EventRounds "9"]
[EventCountry "POL"]
[SourceTitle "EXT 2024"]
[Source "ChessBase"]
[SourceDate "2023.10.10"]
[SourceVersion "1"]
[SourceVersionDate "2023.10.10"]
[SourceQuality "1"]
[WhiteTeam "Poland"]
[BlackTeam "Poland"]
[WhiteTeamCountry "POL"]
[BlackTeamCountry "POL"]

1. e4 c5 2. Nf3 g6 3. d4 cxd4 4. Nxd4 Nc6 5. c4 Nf6 6. Nc3 d6 7. Be2 Bg7 8. Be3 0-0 9. Qd2 Nxd4 10. Bxd4 Be6 11. Rc1 Rc8 12. b3 Qa5 13. f3 Rfd8 14. 0-0 Nd7 15. Be3 Nf6 16. Rfd1 Re8 17. Bf1 a6 18. Rc2 Nd7 19. Rdc1 Nc5 20. Nd5 Qxd2 21. Bxd2 Bd4+ 22. Kh1 Nd7 23. Be3 Bxe3 24. Nxe3 Nf6 25. Nd5 Nxd5 26. cxd5 Rxc2 27. Rxc2 Rc8 28. Rxc8+ Bxc8 29. Kg1 Kf8 30. Kf2 Ke8 31. Ke3 1/2-1/2

[Event "POL-ch U10"]
[Site "Jastrzebia Gora"]
[Date "2022.03.13"]
[Round "6"]
[White "Serafin, Franciszek"]
[Black "Bury, Marcel"]
[Result "1-0"]
[WhiteElo "1089"]
[BlackElo "1314"]
[PlyCount "79"]
[EventDate "2022.03.08"]
[EventType "swiss"]
[EventRounds "9"]
[EventCountry "POL"]
[SourceTitle "EXT 2023"]
[Source "ChessBase"]
[SourceDate "2022.10.05"]
[SourceVersion "1"]
[SourceVersionDate "2022.10.05"]
[SourceQuality "1"]

1. d4 d5 2. c4 e6 3. Nc3 Nf6 4. Bg5 Be7 5. Nf3 0-0 6. e3 Nbd7 7. Be2 dxc4 8. Bxc4 a6 9. 0-0 b5 10. Bb3 Bb7 11. Rc1 c5 12. a3 cxd4 13. Nxd4 Qb6 14. Qe2 Nc5 15. Ba2 Rfd8 16. b4 Ncd7 17. Rfd1 Rac8 18. h3 e5 19. Nf3 h6 20. Bh4 Rc7 21. Qb2 Bxf3 22. gxf3 Rdc8 23. Qb3 Rf8 24. e4 Qa7 25. Qb2 Nb6 26. Bg3 Nfd7 27. Kg2 Kh8 28. Qe2 Rfc8 29. Qe1 Bg5 30. Rc2 Na4 31. Nxb5 axb5 32. Rxd7 f6 33. h4 Bf4 34. Bxf4 exf4 35. e5 Rxd7 36. Rxc8+ Kh7 37. exf6 Qb7 38. Bb1+ g6 39. Qe8 Rg7 40. Qh8# 1-0

[Event "POL-ch U10"]
[Site "Jastrzebia Gora"]
[Date "2022.03.12"]
[Round "4"]
[White "Serafin, Franciszek"]
[Black "Sulek, Grzegorz"]
[Result "1-0"]
[WhiteElo "1089"]
[BlackElo "1006"]
[PlyCount "53"]
[EventDate "2022.03.08"]
[EventType "swiss"]
[EventRounds "9"]
[EventCountry "POL"]
[SourceTitle "EXT 2023"]
[Source "ChessBase"]
[SourceDate "2022.10.05"]
[SourceVersion "1"]
[SourceVersionDate "2022.10.05"]
[SourceQuality "1"]

1. d4 d5 2. c4 e6 3. Nc3 Nf6 4. Bg5 Be7 5. Nf3 h6 6. Bh4 c5 7. dxc5 Nc6 8. cxd5 Nxd5 9. Nxd5 exd5 10. Bxe7 Qxe7 11. Qxd5 Nb4 12. Qc4 a5 13. a3 Be6 14. Qe4 f5 15. Qb1 Qxc5 16. axb4 Qxb4+ 17. Nd2 Rd8 18. Qc2 Bb3 19. Qc3 Qxc3 20. bxc3 Bf7 21. e3 0-0 22. Be2 Rd5 23. Bc4 Rc5 24. Bxf7+ Rxf7 25. c4 Rd7 26. Ke2 Rc6 27. Rxa5 1-0